The Beatles - Let It Be - Statistics

General Stats
  • This quiz has been taken 18 times
  • The average score is 10 of 12
Answer Stats
# Song Name % Correct
6 Let It Be
100%
3 Across the Universe
94%
2 Dig a Pony
94%
12 Get Back
88%
1 Two of Us
88%
10 The Long and Winding Road
81%
5 Dig It
75%
8 I've Got a Feeling
75%
11 For You Blue
69%
4 I Me Mine
69%
7 Maggie Mae
69%
9 One After 909
69%
No matching quizzes found
Score Distribution
Percent of People with Each Score
Percentile by Number Answered
Your Score History
You have not taken this quiz